000 00705nam a2200253Ia 4500
003 OSt
005 20220918165740.0
006 a|||||r|||| 00| 0
007 ta
008 220917b |||||||| |||| 00| 0 eng d
020 _a817100881X (hbk)
024 _a47,649
037 _cTextual
040 _aARTS
_cARTS
_beng
041 _2eng
_aeng
082 _aW:2.N9, N7
245 0 _aPressure groups and politics of influence edited by Verinder Grover
260 _aNew Delhi
_bDeep & Deep
_c1997
300 _axiv,677p.
_ccm.
490 _aPolitical system and constitution of India; 8
650 _aPOLITICAL SCIENCE
942 _hW:2.N9, N7
_cTEXL
_2CC
999 _c130922
_d130922